Click the Countries of Europe on a Map - Statistics

General Stats
  • This quiz has been taken 1,849 times
  • The average score is 34 of 45
Answers on the Map
Answers color-coded by a green-red scale on the quiz's map according to % correct below.
 
Answer Stats
Answer % Correct
Russia
86%
Italy
85%
Spain
85%
France
84%
United Kingdom
84%
Germany
83%
Greece
83%
Portugal
83%
Ireland
82%
Sweden
82%
Ukraine
82%
Iceland
81%
Norway
81%
Poland
81%
Denmark
80%
Finland
79%
Belarus
78%
Belgium
78%
Netherlands
78%
Switzerland
78%
Vatican City
78%
Austria
75%
Estonia
74%
Romania
74%
Czech Republic
73%
Lithuania
73%
Monaco
73%
Andorra
72%
Latvia
72%
San Marino
72%
Croatia
71%
Liechtenstein
71%
Luxembourg
71%
Malta
70%
Bulgaria
69%
Kosovo
69%
Hungary
67%
Slovakia
67%
Albania
66%
Bosnia and Herzegovina
66%
Moldova
66%
Serbia
66%
Montenegro
65%
North Macedonia
65%
Slovenia
64%
No matching quizzes found
Score Distribution
Percent of People with Each Score
Percentile by Number Answered
Your Score History
You have not taken this quiz